Statistics for People who Think They Hates Statistics (Record no. 4575)

MARC details
005 - DATE AND TIME OF LATEST TRANSACTION
control field 20250623070035.0
020 ## - INTERNATIONAL STANDARD BOOK NUMBER
International Standard Book Number 978-1-4522-7771-4
082 ## - DEWEY DECIMAL CLASSIFICATION NUMBER
Classification number 519.5 SAL
100 ## - MAIN ENTRY--PERSONAL NAME
Author name SALKIND, J . N
245 ## - TITLE STATEMENT
Title Statistics for People who Think They Hates Statistics
250 ## - EDITION STATEMENT
Edition statement 5th Ed.
260 ## - PUBLICATION, DISTRIBUTION, ETC.
Place of publication, distribution, etc. London
Name of publisher, distributor, etc. SAGE
Date of publication, distribution, etc. 2014.
300 ## - PHYSICAL DESCRIPTION
Extent xxvii,483p.: ill.; figures, tables
Other physical details Appendix, Index, Glossary
Dimensions 24cm
942 ## - ADDED ENTRY ELEMENTS (KOHA)
Source of classification or shelving scheme Dewey Decimal Classification
Koha item type Books
Holdings
Date last seen Total checkouts Full call number Barcode Cost, replacement price Price effective from Koha item type Lost status Source of classification or shelving scheme Damaged status Not for loan Withdrawn status Home library Current library Shelving location Date acquired Source of acquisition Cost, normal purchase price
06/23/2025   519.5 SAL MZA0001763 180000.00 06/23/2025 Books   Dewey Decimal Classification       CBE Mwanza CBE Mwanza General Collection 02/23/2016 Library Budget 60000.00